00528nam a2200193 a 4500001001300000003000900013005001700022008004100039020002300080082001900103100002200122245005300144260003500197300000900232500003500241505001700276650001900293700002200312nice12345678IN_TiNIC20260116014505.0080214s2006 dela grp 000 0 eng  a8178241617 c59500a303.60954bPAN aPandey, Gyanendra aRoutine Violenceb Nations, Fragments, Histories aDelhi bPermanent Black c2006 a228p aincludes index and biblioraphy2 anotes, index aViolence-India1 aPandey, Gyanendra